000 00646nam a2200169 a 4500
001 000029454
005 20200930055549.0
008 110415s2007 dr c 000 0 spa d
040 _aDO-SdBNP
_bspa
_cBNPHU
082 _axxx
_bM722m
100 1 _aMolina, Ezequiel
_d1944-
_956324
245 1 0 _aMemorias de un ministerio :
_bvida y testimonio de un siervo de Dios (47 años de victoria 1960-2007) /
_cEzequiel Molina ; prólogo Tomás Gómez Bueno.
260 _aSanto Domingo :
_bPromociones y Publicidad la Fe,
_c2007.
300 _a134 p. :
_bretr. ;
_c23 cm.
500 _aIncluye datos biográficos del autor en la contraportada
049 _aBNPD
999 _c28946
_d28946